Gaming Quiz

Random Gaming or Video Games Quiz

Zelda Games Quiz Stats

 Plays Quiz Updated Jan 30, 2021

Support Sporcle.
Go Orange.
Score 0/26 Timer 06:00
5 Plays Today
Year Game % Correct
1998The Legend of Zelda: Ocarina of Time
90.3%
2017The Legend of Zelda: Breath of the Wild
89.9%
1987The Legend of Zelda
87.9%
2000The Legend of Zelda: Majora's Mask
85.6%
2006The Legend of Zelda: Twilight Princess
83.7%
2003The Legend of Zelda: The Wind Waker
81.2%
1991The Legend of Zelda: A Link to the Past
76.1%
2013The Legend of Zelda: A Link Between Worlds
65.4%
2002The Legend of Zelda: Four Swords
65.2%
1993The Legend of Zelda: Link's Awakening
61.8%
2007The Legend of Zelda: Phantom Hourglass
60.5%
1988Zelda II: The Adventure of Link
59.9%
2001The Legend of Zelda: Oracle of Seasons
59.8%
Year Game % Correct
2001The Legend of Zelda: Oracle of Ages
56.4%
2020Hyrule Warriors: Age of Calamity
56.2%
2004The Legend of Zelda: The Minish Cap
55.6%
2014Hyrule Warriors / Hyrule Warriors Legends
55.3%
2009The Legend of Zelda: Spirit Tracks
48.2%
2011The Legend of Zelda: Skyward Sword
44.7%
2015The Legend of Zelda: Tri Force Heroes
42.3%
2007Link's Crossbow Training
37.9%
2004The Legend of Zelda: Four Swords Adventures
34.8%
1993Zelda: The Wand of Gamelon
28.4%
1993Zelda's Adventure
21.8%
1993Link: The Faces of Evil
20.2%
1989Zelda Game and Watch
13.6%

From the Vault

Untimely Deaths

by further

History 10m
Remember: Never go in against a Sicilian when death is on the line!
Remove Ads.
Support Sporcle.
Get the best of Sporcle when you Go Orange. This ad-free experience offers more features, more stats, and more fun while also helping to support Sporcle. Thank you for becoming a member.

Show Comments

Extras

Top Quizzes Today


Score Distribution

Your Account Isn't Verified!

In order to create a playlist on Sporcle, you need to verify the email address you used during registration. Go to your Sporcle Settings to finish the process.

Report this User

Report this user for behavior that violates our Community Guidelines.

Details: